| 000 | 00000nam 2200000zi 4500 |
| 001 | 9.947912 |
| 003 | CaOODSP |
| 005 | 20251031142449 |
| 006 | m o d f |
| 007 | cr cn||||||||| |
| 008 | 250207t20252025oncabdo ob f000 0 eng d |
| 020 | |a9780660756912 |
| 040 | |aCaOODSP|beng|erda|cCaOODSP |
| 043 | |an-cn-qu |
| 086 | 1 |aM183-2/9238E-PDF |
| 100 | 1 |aGalley, A. G. |q(Alan George),|d1954- |eauthor. |
| 245 | 10|aMineralization and alteration at the Doyon deposit, Doyon-Bousquet-LaRonde mining camp, Quebec : |bexample of an Archean sub-seafloor Au(-Cu) vein system / |cA.G. Galley and P. Mercier-Langevin. |
| 264 | 1|aOttawa, Ontario : |bGeological Survey of Canada, |c2025. |
| 264 | 4|c©2025 |
| 300 | |a1 online resource (141 pages) : |billustrations, maps, graphs, photographs. |
| 336 | |atext|btxt|2rdacontent |
| 337 | |acomputer|bc|2rdamedia |
| 338 | |aonline resource|bcr|2rdacarrier |
| 490 | 1 |aOpen file, |x2816-7155 ; |v9238 |
| 504 | |aIncludes bibliographical references (pages 122-135). |
| 520 | 3 |a"The Doyon Au(-Cu) vein deposit is a part of a district-wide Au-rich, intrusion-associated and VMS mineralizing event that comprises the Doyon-Bousquet-LaRonde camp"--Abstract, page 1. |
| 650 | 0|aMines and mineral resources|zQuébec (Province) |
| 650 | 0|aGold mines and mining|zQuébec (Province) |
| 650 | 6|aRessources minérales|zQuébec (Province) |
| 650 | 6|aOr|xMines et extraction|zQuébec (Province) |
| 710 | 2 |aGeological Survey of Canada, |eissuing body. |
| 830 | #0|aOpen file (Geological Survey of Canada)|x2816-7155 ; |v9238.|w(CaOODSP)9.506878 |
| 856 | 40|qPDF|s37.5 MB|uhttps://publications.gc.ca/collections/collection_2025/rncan-nrcan/m183-2/M183-2-9238-eng.pdf |
| 856 | 40|qHTML|sN/A|uhttps://doi.org/10.4095/pc9ed7rddb |